00269nam a2200109Ia 4500008004100000082001400041100001700055245004100072260003000113300000800143650000800151191201s2010 xx 000 0 und d a658.15AHF aAHMED,Noseem 0aFundamentals of Corporate Accounting aN. DelhibAne Booksc2010 a694 aBBA